000 00920nam#a22002895a#4500
001 540
008 070327s2001####ag#####e|a###|||1#|dspa#|
245 1 0 _aBreve Historia Contemporánea de la Argentina /
_cLuis Alberto Romero.
250 _a2ª ed.
260 _aBuenos Aires :
_bFondo de Cultura Económica de Argentina,
_c2001.
300 _a332 p. ;
_c23 cm.
100 1 _aRomero, Luis Albero.
080 _a94(82) "1961/1999"
084 _aR39
653 _aGobiernos radicales, 1930-1943
653 _aLa restauración conservadora, 1930-1943
653 _aEl gobierno de Perón, 1943-1955
653 _aEl empate, 1955-1966
653 _aDependencia o liberación, 1966-1976
653 _aEl proceso, 1976-1983
653 _aEl impulso y su freno, 1983-1989
653 _aLa gran tranformación, 1989-1999
040 _aAR-ClEAG
_cAR-ClEAG
005 20241107184638.0
003 AR-ClEAG
942 _cBK
999 _c540
_d540
980 _62
_aEvangelina Gallicchio
_82
_gEvangelina Gallicchio